The risks of financial institutions

Gespeichert in:
Bibliographische Detailangaben
1. Verfasser: Carey, Mark
Weitere Verfasser: Stulz, René M.
Format: Buch
Sprache:Englisch
Veröffentlicht: Chicago The University of Chicago Press 2006
Schriftenreihe:A National Bureau of economics research - conference report
Schlagworte:
Tags: Tag hinzufügen
Keine Tags, Fügen Sie das erste Tag hinzu!

MARC

LEADER 00000nam$a2200000$$$4500
001 0067058
005 20240315115737.4
020 |a 978-0-226-09285-0 
020 |a 0-226-09285-2 
041 0 |a eng 
044 |a US 
245 1 0 |a The risks of financial institutions  |c edited by: Mark Carey and René M. Stulz 
264 1 |a Chicago  |b The University of Chicago Press  |c 2006 
300 |a 655 s. 
490 1 |a A National Bureau of economics research - conference report 
830 0 |a A National Bureau of economics research - conference report 
610 2 0 |a organizácie finančné 
610 2 0 |a riziko 
610 2 0 |a riziko bankové 
610 2 0 |a riziko finančné 
610 2 0 |a riziko trhové 
610 2 0 |a modelovanie 
610 2 0 |a stabilita finančná 
610 2 0 |a obchody bankové 
610 2 0 |a odhady 
610 2 0 |a modely 
610 2 0 |a likvidita 
610 2 0 |a bankovníctvo 
610 2 0 |a regulácia 
610 2 0 |a riadenie rizík 
610 2 0 |a cykly obchodné 
610 2 0 |a riziko úverové 
610 2 0 |a korelácia 
610 2 0 |a trh finančný 
610 2 0 |a bezpečnosť 
610 2 0 |a obligácie 
100 1 |a Carey, Mark 
700 1 |a Stulz, René M.